000 01066nam a2200181 a 4500
005 20260221182040.0
008 260220s2026##################000#0#eng##
020 _a9780521806329
_qhbk
041 _aeng
082 0 4 _a320.94
_bKNI
100 _a Knill Christoph
245 1 0 _aThe Europeanisation of National Administrations: Patterns of Institutional Change and Persistence
_c/Christoph Knill
260 _bCambridge Univ Pr
_c2001.
300 _a258p,;
_c20 cm.
504 _aindex
520 _aThe Europeanisation of National Administrations analyzes the impact of European policies on national bureaucracies. Knill's study is a comparative assessment of the factors influencing administrative adjustment to European policy demands in the member states, and contains a detailed account of the administrative impact of European Union environmental policy in Britain and Germany. This book will interest students and scholars of European studies, comparative politics, environmental politics, public administration and organizational studies.
942 _cREF
999 _c614791
_d614791